00760nam a2200253Ia 4500003000400000005001700004008004100021020001500062040001800077041000800095082002500103100001800128245003800146250001200184260006700196300003200263650003500295650003200330650002500362650003300387650002600420650002500446650003500471OSt20250305144731.0210716s2004 xx 000 0 und d a8173665648 cAIMIT LIBRARY aeng a005.7402 21stbDUBP aDubois, Paul. aMysql cookbook /cBy Paul Dubois. a1st ed. aMumbai :bShroff Publishers and Distributors Pvt Ltd ,c2004. axxvii,992,9 p.;bPBc24 cm. aUsing the mysql client program aRecord selection techniques aWorking with strings aWorking with dates and times aSorting query results aGenerating summaries aGenerating and using sequences